000 00641cab a2200205 4500
001 ABS39009
008 090401t1988 xxu||||| |||| 00| 0 eng d
035 _a(Sirsi) u13763
041 _aeng
100 _aPowell-Smith, V.
245 _aLiability after completion?
260 _c1988
350 _a0
490 _aContract Journal
_v21 April 1988, 15(1)
520 _aLooks at the extent of liability in negligence in the light of Eckersley and others v Binnie & Partners , the Abbeystead disaster case.
650 _aCONSULTING ENGINEERS
690 _aBUILT ENVIRONMENT-BUILDING CONTRACT FORMS
942 _n0
948 _c04/03/1997
999 _c8867
_d8867